Datum a čas kvízu
27.5
Celkem bodů
Celkový počet nahraných bodů na tomto kvízu bez doplňovacích otázek.
1.
Pořadí na kvízu
Konečné umístění týmu na tomto kvízu.
Zaznamenané odpovědi
| # | Otázka | Odpověď | Body | Výsledky |
|---|---|---|---|---|
| 1. | Jaroslav Foldyna z ČSSD si na... | 0 | ||
| 2. | V centru Paříže se v sobotu se... | 0 | ||
| 3. | Největší úspěch na předávání E... | 0 | ||
| 4. | Jeden tuzemský pivovar oznámil... | 0 | ||
| 5. | Nejlepším hráčem španělské La... | 1 | ||
| 6. | Z filmu S tebou mě baví svět:... | 1 | ||
| 7. | Student Plha potká ve filmu Ma... | 0 | ||
| 8. | Jak se jmenují pletichářští rá... | 0 | ||
| 9. | Který český král se dle septim... | 0 | ||
| 10. | „Hele, Hanko, já ti musim něco... | 1 |